| 000 | 04174nas1a22004091i 4500 | ||
|---|---|---|---|
| 001 | RU\NLR\INFOCOMM17\1000371405 | ||
| 005 | 20241101123650.0 | ||
| 011 |
_a1994-6716 _y0132-4535 |
||
| 035 | _a(NLR Aleph) 002724138 | ||
| 090 |
_a1900882 _c1900882 |
||
| 100 | _a20040115a19959999|||y0rusy50 ca | ||
| 101 | 0 | _arus | |
| 102 | _aRU | ||
| 110 | _aahu||||0|y0 | ||
| 200 | 1 |
_aВопросы материаловедения _eНауч.-техн. журн. _fЦНИИ конструкц. материалов "Прометей", С.-Петерб. (Сев.-зап.) о-во материаловедов |
|
| 210 |
_aСПб. _d1995- |
||
| 510 | 1 |
_aProblems of materials science _zeng |
|
| 510 | 1 |
_aVoprosy materialovedeniya _zeng |
|
| 712 | 0 | 2 |
_4570 _a"Прометей", ЦНИИ _cСанкт-Петербург _9527300 _3RU\NLR\AUTH\8810014714 |
| 712 | 0 | 2 |
_4570 _a"ЦНИИ конструкционных материалов "Прометей", государственный научный центр Российской Федерации _cСанкт-Петербург _9552247 _3RU\NLR\AUTH\8810027041 |
| 712 | 0 | 2 |
_4570 _a"Прометей", ЦНИИ конструкционных материалов им. И. В. Горынина _cСанкт-Петербург _9561799 _3RU\NLR\AUTH\880449133 |
| 801 | 2 |
_aRU _bNLR _c20080409 _2rusmarc |
|
| 801 | 1 |
_aRU _bInfoComm _c20040115 |
|
| 801 | 0 |
_aRU _bNLR _gPSBO |
|
| 852 |
_aNLR _jП11/3881 |
||
| 942 | _cJOURNAL | ||
| 980 | _aRUSPER | ||